| 000 | 00460nam a2200181Ia 4500 | ||
|---|---|---|---|
| 001 | 7387 | ||
| 005 | 20260306160451.0 | ||
| 008 | 260306t2011||||xx |||||||||||||| ||spa|| | ||
| 041 | _aESP | ||
| 082 |
_a338.9 _bF72 |
||
| 100 |
_aFolch, Ramon, _eAUT |
||
| 245 | 0 |
_aLa quimera del crecimiento : _bla sostenibilidad en la era postindustrial |
|
| 260 | _c2011 | ||
| 300 |
_a269 páginas : _c21 cm. |
||
| 650 | _aGEN | ||
| 654 | _aCAN | ||
| 942 |
_cLIB _dJUS _fJUS _2ddc _n |
||
| 999 |
_c7387 _d7387 |
||